000 00221 a2200109 4500
020 _a9781558857766
041 _aspa
100 _aRene Saldaą
245 _aEl misterio del malvado Marcador
942 _cBK
952 _71
999 _c24150
_d24150